000 00943nam a22002177a 4500
003 JO-AjAnu
005 20231202092620.0
008 231129b jo ||||| |||| 00| 0 ara d
015 _22020/7136
020 _a9789778125023
040 _aJO-AjAnu
_bARA
_cJO-AjAnu
041 _aARA
100 1 _aالسيد، احمد جمال
_964538
_e[ معد وكترجم]
245 2 0 _aالسلامة والصحة المهنية في القطاع الزراعي =
_bOccupational Safety and Health in the Agricultural Sector /
_cاحمد جمال السيد، سامية عبد العظيم محروس
250 _aالطبعة الاولى
260 _aالقاهرة :
_bالمكتب العربي للمعارف،
_c2021
300 _a218صفحة
650 7 0 _aالصحة المهنية - الصحة العامه
_964539
700 1 _aمحروس، سامية عبد العظيم محروس
_964540
_e[معد ومترجم]
942 _2lcc
_cBK
_n0
999 _c33194
_d33194